| 000 | 00364nam a2200133Ia 4500 | ||
|---|---|---|---|
| 008 | 231017s9999 xx 000 0 und d | ||
| 082 | _a624.1521 | ||
| 082 | _bEDI | ||
| 245 | 0 | _aInvestigation of the DCP and SSG as Alternative Methods to Determine Subgrade Stability | |
| 245 | 0 | _cTauncer B. Edil | |
| 260 | _bTauncer B. Edil | ||
| 300 | _c30cm | ||
| 942 | _cREP | ||
| 999 |
_c603815 _d603815 |
||